000 00845nam a2200241 a 4500
001 43269
003 BD-RjUL
005 20211209053655.0
008 160620s1972 fr a b i001 0 eng
035 _a(BD-RjUL) 43387
040 _aDLC
_cDLC
_beng
_dBD-RjUL
041 _aeng
082 _a371.2919
_223
_bSTA 1972
110 2 _aUnesco.
_bOffice of Statistics.
_9132909
245 1 2 _aA statistical study of wastage at school :
_ba study prepared for the International Bureau of Education /
_cby the Unesco Office of Statistics
260 _aParis ;
_aGeneva :
_bUnesco ;
_bIBE,
_cc1972.
300 _a121 p. :
_bill. ;
_c24 cm.
504 _aBibliography: p. [87]-88.
650 0 _aDropouts.
_9132910
710 2 _aInternational Bureau of Education.
_9132911
830 0 _aStudies and surveys in comparative education
_9132912
942 _2ddc
_cBK
999 _c43269
_d43269